Existing housing and climate change (Record no. 108055)

MARC details
000 -LEADER
fixed length control field 02137cad a22003135a 4500
001 - CONTROL NUMBER
control field L143071
008 - FIXED-LENGTH DATA ELEMENTS--GENERAL INFORMATION
fixed length control field 080407s2008 xxk f 000 0 eng d
035 ## - SYSTEM CONTROL NUMBER
System control number (Sirsi) u143071
041 0# - LANGUAGE CODE
Language code of text/sound track or separate title eng
050 04 - LIBRARY OF CONGRESS CALL NUMBER
Classification number 696.9 $2 18
110 2# - MAIN ENTRY--CORPORATE NAME
Corporate name or jurisdiction name as entry element United Kingdom
Subordinate unit Parliament
-- House of Commons
-- Select Committee for Communities and Local Government
9 (RLIN) 4987
245 00 - TITLE STATEMENT
Title Existing housing and climate change
Remainder of title seventh report of session 2007-08 - volumes I and II
Medium [electronic resource]
260 ## - PUBLICATION, DISTRIBUTION, ETC.
Place of publication, distribution, etc. London
Name of publisher, distributor, etc. TSO
Date of publication, distribution, etc. 2008
490 #0 - SERIES STATEMENT
Series statement HC
Volume/sequential designation 432-I
490 #0 - SERIES STATEMENT
Series statement HC
Volume/sequential designation 432-2
505 2# - FORMATTED CONTENTS NOTE
Formatted contents note Carbon emissions and housing stock -- Existing housing stock and new build -- Regulation and encouragement -- Financial incentives -- Energy Performance Certificates -- Breaching the barriers to change -- Newer technologies -- Older buildings -- Conclusions and recommendations -- Oral and written evidence
520 ## - SUMMARY, ETC.
Summary, etc. Investigates various measures to minimise and reduce the carbon footprint of the UK's existing housing stock. Emphasises the need for government to fully engage with reducing carbon emissions from existing housing in a similar way to new developments, and makes a comprehensive list of recommendations. These include amendments to the Building Regulations Part L (to ensure extensions/improvements do not add to the carbon footprint of homes), a new Code for Existing Homes, and improving training in industry skills required for refurbishment and renovation of existing homes. Other recommendations cover Energy Performance Certificates, financial incentives for homeowners, and microgeneration technologies.
521 2# - TARGET AUDIENCE NOTE
Target audience note Advanced
590 ## - LOCAL NOTE (RLIN)
Local note KA NTK
650 24 - SUBJECT ADDED ENTRY--TOPICAL TERM
Topical term or geographic name entry element RESIDENTIAL ENERGY PERFORMANCE CERTIFICATES
650 24 - SUBJECT ADDED ENTRY--TOPICAL TERM
Topical term or geographic name entry element DCLG CODE FOR SUSTAINABLE HOMES
650 24 - SUBJECT ADDED ENTRY--TOPICAL TERM
Topical term or geographic name entry element DCLG DECENT HOMES STANDARD
650 24 - SUBJECT ADDED ENTRY--TOPICAL TERM
Topical term or geographic name entry element BUILDING REGULATIONS 2000
651 #4 - SUBJECT ADDED ENTRY--GEOGRAPHIC NAME
Geographic name United Kingdom
Chronological subdivision
690 ## - LOCAL SUBJECT ADDED ENTRY--TOPICAL TERM (OCLC, RLIN)
Topical term or geographic name as entry element BUILT ENVIRONMENT-SUSTAINABLE CONSTRUCTION
690 ## - LOCAL SUBJECT ADDED ENTRY--TOPICAL TERM (OCLC, RLIN)
Topical term or geographic name as entry element PROPERTY-RESIDENTIAL PROPERTY
856 40 - ELECTRONIC LOCATION AND ACCESS
Uniform Resource Identifier <a href="https://www.publications.parliament.uk/pa/cm/cmcomloc.htm">https://www.publications.parliament.uk/pa/cm/cmcomloc.htm</a>
Public note View the report free of charge at www.publications.parliament.uk...
942 ## - ADDED ENTRY ELEMENTS (KOHA)
Suppress in OPAC 0
Holdings
Withdrawn status Lost status Source of classification or shelving scheme Damaged status Not for loan Home library Current library Shelving location Date acquired Total Checkouts Full call number Barcode Date last seen Copy number Price effective from Koha item type
    Dewey Decimal Classification     Virtual Virtual Online 07/04/2008   ONLINE PUBLICATION 143071-2001 06/08/2019 1 06/08/2019 Book